Historia de la conciencia : de la paradoja al complejo de autoridad sagrada /
Este es el tercer volumen de una trilogía sobre la evolución de la conciencia humana compuesta además por El reencantamiento del mundo (1981) y Cuerpo y espíritu (1989) del historiador de la ciencia y la cultura Morris Berman que busca analizar la evolución de las profundidades del cuerpo y la mente...
Shranjeno v:
| Glavni avtor: | |
|---|---|
| Format: | Knjiga |
| Jezik: | španščina |
| Izdano: |
Santiago, Chile :
Cuatro Vientos,
2004, c2004
|
| Teme: | |
| Oznake: |
Brez oznak, prvi označite!
|
MARC
| LEADER | 00000nam^a2200000^a^4500 | ||
|---|---|---|---|
| 001 | 000181909 | ||
| 005 | 20250521000000.0 | ||
| 009 | 20260310101950.194 | ||
| 020 | |a 956-242-089-2 | ||
| 037 | |a Acervo ITESO - Biblioteca | ||
| 041 | |a ESP | ||
| 082 | |a 909. |b BER | ||
| 100 | |a Berman, Morris |e (autor) | ||
| 245 | 1 | 0 | |a Historia de la conciencia : |b de la paradoja al complejo de autoridad sagrada / |c M. Berman ; tr. por Veronica Matta, Renato Valenzuela. |
| 264 | 4 | |a Santiago, Chile : |b Cuatro Vientos, |c 2004, c2004 | |
| 300 | |a 446 p. | ||
| 336 | |a texto |b txt |2 rdacontenido | ||
| 337 | |a sin mediación |b n |2 rdamedio | ||
| 338 | |a volumen |b nc |2 rdasoporte | ||
| 500 | |a Traducción de: Wandering God. A Study in Nomadic Spirituality | ||
| 520 | |a Este es el tercer volumen de una trilogía sobre la evolución de la conciencia humana compuesta además por El reencantamiento del mundo (1981) y Cuerpo y espíritu (1989) del historiador de la ciencia y la cultura Morris Berman que busca analizar la evolución de las profundidades del cuerpo y la mente del hombre, desde tiempos de la prehistoria hasta la posmodernidad. En este ejemplar Berman explora el origen de la desigualdad, el papel de las mujeres y la agricultura, así como la presencia de una conciencia paradójica en el pensamiento filosófico contemporáneo. Analiza también de manera crítica el pensamiento mítico de Joseph Campbell y de Carl Jung. | ||
| 649 | |a XX | ||
| 650 | |a Hombre - |x Antigüedad | ||
| 650 | |a Hombre - |x Origen | ||
| 650 | |a Mujeres - |x Condiciones Sociales y Culturales | ||
| 650 | |a Hombre Prehistórico | ||
| 650 | |a Agricultura - |x Historia | ||
| 650 | |a Agricultura - |x Aspectos Sociales y Culturales | ||
| 650 | |a Sociedad Primitiva | ||
| 650 | |a Sociedad Postindustrial | ||
| 650 | |a Subjetividad (Psicología) | ||
| 650 | |a Nomadismo - |x Aspectos Sociales y Culturales | ||
| 650 | |a Nomadismo - |x Aspectos Políticos | ||
| 650 | |a Nomadismo - |x Historia | ||
| 650 | |a Sedentarismo | ||
| 650 | |a Magia | ||
| 650 | |a Mitología | ||
| 650 | |a Discurso Religioso | ||
| 650 | |a Religión | ||
| 650 | |a Estado, El | ||
| 650 | |a Cosmovisión | ||
| 650 | |a Conciencia | ||
| 650 | |a Ideología | ||
| 650 | |a Percepción Social | ||
| 650 | |a Secularización | ||
| 650 | |a Igualdad y Desigualdad - |x Historia | ||
| 650 | |a Marginación - |x Historia | ||
| 650 | |a Control Social | ||
| 650 | |a Prácticas Culturales | ||
| 650 | |a Migración | ||
| 650 | |a Cambios Sociales y Culturales | ||
| 650 | |a Cultura - |x Historia | ||
| 650 | |a Vida Cotidiana | ||
| 650 | |a Evolución | ||
| 650 | |a Antropología Física | ||
| 650 | |a Antropología Cultural | ||
| 650 | |a Arqueología | ||
| 650 | |a Prehistoria | ||
| 650 | |a Civilización | ||
| 650 | |a Modernidad y Posmodernidad | ||
| 650 | |a Historia Antigua | ||
| 650 | |a Historia Moderna | ||
| 650 | |a Historia Universal | ||
| 910 | |a Fondo General | ||
| 920 | |a Impresos - Libros | ||
| 930 | |a Colección General | ||
| 905 | |a 101 | ||
| 901 | |a 0500121848 |b IT1 |c ACC |u 20250521 | ||
| 902 | |a https://opac.biblio.iteso.mx/vufind/Record/000181909 | ||